000 00605nam a22002057a 4500
005 20210426083651.0
008 210211s1961 ||||| |||| 00| 0 eng d
040 _aeng
_cDLC
041 _aeng
080 _a008
_bC-84
100 _9827
_aCottrell, Leonard
245 _aThe Lost Pharaohs
_c/ by: Holt, Rinehart and Winston
250 _a1st edition
260 _aNew York
_bHolt, Rinehart and Winston
_c1961
300 _a250 p.
_bill.
365 _b5 usd
650 0 _9410
_aHistory of civilizations
653 _aცივილიზაციების ისტორია
942 _2udc
_cBK
_e1
999 _c1328
_d1328